[Event "WYCC U16 Girls 2013"]
[Site "Al-Ain UAE"]
[Date "2013.12.20"]
[Round "3.12"]
[White "Baldi,V"]
[Black "Malassagne,Isabelle"]
[Result "1/2-1/2"]
[WhiteElo "1877"]
[BlackElo "2043"]

1.d4 Nf6 2.c4 g6 3.Nc3 d5 4.cxd5 Nxd5 5.e4 Nxc3 6.bxc3 Bg7 7.Nf3 c5 8.Be3 O-O
9.Be2 cxd4 10.cxd4 Qa5+ 11.Bd2 Qa3 12.O-O b6 13.Rc1 Ba6 14.Rc7 Qd6 15.Rc1 Bxd4
16.Bxa6 Nxa6 17.Qa4 Bb2 18.Qxa6 Bxc1 19.Rxc1 Rfd8 20.h3 Qd7 21.Bf4 Rac8 22.Rxc8 Rxc8
23.Ne5 Qd1+ 24.Kh2 Qc2 25.Bg3 f6 26.Ng4 Qc4 27.Qb7 Qe6 28.Ne3 Kf7 29.Nd5 Rd8
30.Qxa7 Qxe4 31.Ne3 Qc6 32.Qc7 Qxc7 33.Bxc7 Ra8 34.Bxb6  1/2-1/2

[Event "16th Padova Open A 2013"]
[Site "Padova ITA"]
[Date "2013.12.20"]
[Round "7.12"]
[White "Naumkin,I"]
[Black "Massironi,M"]
[Result "1-0"]
[WhiteElo "2445"]
[BlackElo "2221"]

1.d4 Nf6 2.c4 g6 3.Nc3 d5 4.cxd5 Nxd5 5.e4 Nxc3 6.bxc3 Bg7 7.Bc4 O-O 8.Ne2 c5
9.O-O Nc6 10.Be3 Qc7 11.Rc1 Rd8 12.h3 a6 13.f4 b5 14.Bd3 f5 15.exf5 gxf5
16.Ng3 e6 17.Nh5 Bh8 18.Rf3 Bb7 19.Kh2 Ne7 20.Rg3+ Kf7 21.dxc5 Rg8 22.c4 Qc6
23.Qf1 bxc4 24.Bxc4 Rad8 25.Be2 Nd5 26.Bd2 Nf6 27.Nxf6 Rxg3 28.Kxg3 Rxd2
29.Nxh7 Rxa2 30.Ng5+ Ke7 31.Bf3 Qc7 32.Qc4  1-0

[Event "20th Zadar Open A 2013"]
[Site "Zadar CRO"]
[Date "2013.12.20"]
[Round "8.7"]
[White "Cvitan,O"]
[Black "Zufic,M"]
[Result "1-0"]
[WhiteElo "2558"]
[BlackElo "2466"]

1.d4 Nf6 2.c4 g6 3.Nc3 d5 4.cxd5 Nxd5 5.e4 Nxc3 6.bxc3 Bg7 7.Bc4 c5 8.Ne2 O-O
9.O-O Nc6 10.Be3 Bg4 11.f3 Bd7 12.Rb1 Qc7 13.Qd2 Rad8 14.Rfc1 Bc8 15.Nf4 e6
16.Bf1 Qe7 17.d5 b6 18.Qe1 Na5 19.c4 Nb7 20.Rb3 Nd6 21.Qg3 e5 22.Nd3 Rde8
23.Qe1 f5 24.Nf2 f4 25.Bd2 g5 26.a4 h5 27.Be2 Rf6 28.a5 bxa5 29.Ra1 Rg6 30.h3 Bf6
31.Qb1 Nf7 32.Rxa5 Nh6 33.Rb8 g4 34.fxg4 hxg4 35.Nxg4 Nxg4 36.Bxg4 Bxg4 37.hxg4 Rxg4
38.Qb5 Rf8 39.Rxf8+ Kxf8 40.Kf1 Kg7 41.Qxc5 Qe8 42.Rxa7+ Kg6 43.Qc7 Rh4 44.Qd7 Qh8
45.Qf5+  1-0

[Event "WYCC U16 Girls 2013"]
[Site "Al-Ain UAE"]
[Date "2013.12.21"]
[Round "4.36"]
[White "Du Toit,Sune"]
[Black "Heinemann,Josefine"]
[Result "0-1"]
[WhiteElo "1728"]
[BlackElo "2008"]

1.d4 Nf6 2.c4 g6 3.Nc3 d5 4.cxd5 Nxd5 5.e4 Nxc3 6.bxc3 Bg7 7.Bc4 c5 8.Ne2 Nc6
9.Be3 O-O 10.O-O Qc7 11.Rc1 Rd8 12.Qd2 a6 13.Rfd1 Na5 14.Bd3 b5 15.Qe1 e6
16.f3 Bd7 17.Qg3 Qxg3 18.Nxg3 Rac8 19.Ne2 Be8 20.f4 c4 21.Bb1 f5 22.e5 Nc6
23.Bf2 Bf8 24.Be1 Rd7 25.h3 Ne7 26.g4 Nd5 27.Bd2 a5 28.Kh1 Rg7 29.Bc2 b4
30.Rb1 Rb8 31.Rg1 Kh8 32.gxf5 gxf5 33.Rxg7 Kxg7 34.Bd1 Bc6 35.Kh2 Rb7 36.Kg3 Kf7
37.Kf2 Nc7 38.Bc2 Bd5 39.Nc1 Nb5 40.cxb4 Na3 41.Rb2 Nxc2 42.Rxc2 axb4 43.Be1 b3
44.axb3 cxb3 45.Rb2 Ba3 46.Bc3 Bxb2 47.Bxb2 Rc7 48.Nd3 Rc2+ 49.Ke3 Bc4 50.Ba3 Ra2  0-1

[Event "WYCC U18 Open 2013"]
[Site "Al-Ain UAE"]
[Date "2013.12.21"]
[Round "4.44"]
[White "Dolnak,Michal"]
[Black "Darling,Paul D."]
[Result "1-0"]
[WhiteElo "2164"]
[BlackElo "1847"]

1.d4 Nf6 2.c4 g6 3.Nc3 d5 4.cxd5 Nxd5 5.e4 Nxc3 6.bxc3 Bg7 7.Bb5+ c6 8.Bc4 c5
9.Ne2 Nc6 10.Be3 O-O 11.O-O Qc7 12.Rc1 b6 13.Qd2 Bb7 14.Bh6 Rad8 15.Bxg7 Kxg7
16.Qe3 Na5 17.Bd3 e5 18.d5 c4 19.Bc2 f6 20.Qg3 Qe7 21.f4 exf4 22.Nxf4 Bc8
23.Rce1 Qe5 24.Bd1 Kh8 25.h4 Nb7 26.Bg4 Nc5 27.Bxc8 Rxc8 28.Nxg6+ hxg6 29.Qxg6 Qxc3
30.Qh6+ Kg8 31.Re3 Qd4 32.Qg6+ Kh8 33.Qh6+ Kg8 34.Kh1 Nd7 35.Qg6+ Kh8 36.Rg3 Rf7
37.Qxf7  1-0

[Event "AUS Masters GM"]
[Site "Melbourne AUS"]
[Date "2013.12.22"]
[Round "9.1"]
[White "Cheng,Bo"]
[Black "Smirnov,Ant"]
[Result "1-0"]
[WhiteElo "2440"]
[BlackElo "2318"]

1.d4 Nf6 2.c4 g6 3.Nc3 d5 4.cxd5 Nxd5 5.e4 Nxc3 6.bxc3 Bg7 7.Bg5 O-O 8.Nf3 c5
9.Rc1 Bg4 10.d5 Qd6 11.Be2 Nd7 12.O-O f5 13.exf5 Rxf5 14.Be3 Raf8 15.c4 Bxf3
16.Bxf3 Rxf3 17.gxf3 g5 18.Kh1 Ne5 19.Rg1 Nxf3 20.Rg3 g4 21.h3 h5 22.hxg4 hxg4
23.Qd3 Qf6 24.Kg2 Nh4+ 25.Kf1 Nf3 26.Bxc5 Qf4 27.Qe3 Nd2+ 28.Kg2 Ne4 29.Qxf4 Rxf4
30.Bxa7 Nxg3 31.Kxg3 Be5 32.Kg2 Kf7 33.Be3 Re4 34.Kf1 g3 35.Ke2 gxf2 36.Kd3 Rg4
37.Bxf2 Rg2 38.Bd4 Bxd4 39.Kxd4 Rxa2 40.Rb1 Ra7 41.Kc5 Kf6 42.Kb6 Ra4 43.c5 Ke5
44.Rb5 Rc4 45.d6 Ke6 46.Kxb7 exd6 47.c6 d5 48.c7 Ke5 49.Rb6 Rxc7+ 50.Kxc7 d4
51.Rd6  1-0

[Event "Chinese Teams 2013"]
[Site "Tianjin CHN"]
[Date "2013.12.22"]
[Round "20.4"]
[White "Wang Yue"]
[Black "Li Chao2"]
[Result "1/2-1/2"]
[WhiteElo "2725"]
[BlackElo "2679"]

1.d4 Nf6 2.c4 g6 3.Nc3 d5 4.cxd5 Nxd5 5.e4 Nxc3 6.bxc3 Bg7 7.Be3 c5 8.Qd2 Qa5
9.Rc1 cxd4 10.cxd4 Qxd2+ 11.Bxd2 O-O 12.Nf3 Bg4 13.Be3 Bxf3 14.gxf3 e6 15.Bb5 a6
16.Ba4 b5 17.Bb3 a5 18.a4 bxa4 19.Bxa4 Na6 20.O-O Nb4 21.Rfd1 Rfd8 22.Rc7 Bf8
23.Kg2 Bd6 24.Rb7 Rdb8 25.Rd7 Rd8 26.Rb7 Rdb8 27.Rd7 Rd8 28.Rb7 Rdb8 29.Rd7 Rd8
30.Rb7 Rdb8  1/2-1/2

[Event "Al-Ain Classic Open A 2013"]
[Site "Al-Ain UAE"]
[Date "2013.12.23"]
[Round "5.19"]
[White "Babujian,L"]
[Black "Erdogdu,M"]
[Result "1-0"]
[WhiteElo "2512"]
[BlackElo "2426"]

1.d4 Nf6 2.c4 g6 3.Nc3 d5 4.cxd5 Nxd5 5.e4 Nxc3 6.bxc3 Bg7 7.Nf3 c5 8.Rb1 O-O
9.Be2 Nc6 10.d5 Ne5 11.Nxe5 Bxe5 12.Qd2 e6 13.f4 Bc7 14.O-O exd5 15.exd5 Ba5
16.d6 b6 17.Bf3 Rb8 18.Ba3 Bd7 19.Bb4 cxb4 20.cxb4 Bxb4 21.Rxb4 b5 22.h3 Re8
23.Rd4 Rc8 24.Bd5 Qf6 25.f5 gxf5 26.Rg4+ Kf8 27.Bxf7 Kxf7 28.Qd5+ Be6 29.Qb7+ Kf8
30.d7 Qf7 31.dxe8=Q+ Rxe8 32.Qxb5 fxg4 33.Qc5+ Re7 34.Rxf7+ Kxf7 35.Qh5+ Kf8
36.h4 Bxa2 37.Qf5+ Kg7 38.Qxg4+ Kf8 39.Qc8+ Kg7 40.h5 Bf7 41.h6+ Kg6 42.Qg4+ Kf6
43.Qg7+ Ke6 44.Qxh7 Re8 45.Qg7 Rg8 46.Qd4  1-0

[Event "Chinese Teams 2013"]
[Site "Tianjin CHN"]
[Date "2013.12.23"]
[Round "21.6"]
[White "Chu Wei Chao"]
[Black "Lou Yiping"]
[Result "0-1"]
[WhiteElo "2275"]
[BlackElo "2491"]

1.d4 Nf6 2.c4 g6 3.Nc3 d5 4.cxd5 Nxd5 5.e4 Nxc3 6.bxc3 Bg7 7.Bc4 c5 8.Ne2 Nc6
9.Be3 O-O 10.O-O Bg4 11.f3 Bd7 12.Rb1 Qc7 13.Qc1 Rac8 14.dxc5 Na5 15.Bd3 Be6
16.c4 Rfd8 17.Nf4 Bd4 18.Bxd4 Rxd4 19.Qe3 Rd7 20.Rfd1 Bxc4 21.Rbc1 Qxc5 22.Qxc5 Rxc5
23.Bxc4 Rxd1+ 24.Rxd1 Rxc4 25.Rd7 Rc1+ 26.Kf2 Rc2+ 27.Kg3 e6 28.a3 Kf8 29.Rd8+ Ke7
30.Rh8 h5 31.Kh4 Kf6 32.Kg3 Nc4 33.Rb8 h4+ 34.Kh3 Ne5 35.Rd8 g5  0-1

[Event "Al-Ain Classic Open A 2013"]
[Site "Al-Ain UAE"]
[Date "2013.12.24"]
[Round "6.22"]
[White "Supatashvili,K"]
[Black "Ameir,M"]
[Result "1-0"]
[WhiteElo "2455"]
[BlackElo "2287"]

1.d4 Nf6 2.c4 g6 3.Nc3 d5 4.cxd5 Nxd5 5.e4 Nxc3 6.bxc3 Bg7 7.Be3 c5 8.Rc1 Qa5
9.Qd2 O-O 10.Nf3 Rd8 11.d5 Nd7 12.Bd3 b5 13.c4 Qxd2+ 14.Nxd2 bxc4 15.Nxc4 Ba6
16.Ne5 Bxe5 17.Bxa6 Rab8 18.O-O Rb2 19.Bc4 Rdb8 20.f4 Bd4 21.Bxd4 cxd4 22.Rfd1 Rc8
23.a3 Nb6 24.Rxd4 Ra2 25.Rc3 Nxc4 26.Rdxc4 Rxc4 27.Rxc4 Rxa3 28.Rc8+ Kg7
29.Re8 f5 30.Rxe7+ Kf8 31.d6 fxe4 32.Rxh7 Rd3 33.Rxa7 Rxd6 34.Ra2 Kf7 35.Kf2 Rd3
36.Re2 Rd4 37.Ke3 Ra4 38.Rd2 Kf6 39.Rd6+ Kf5 40.Rd5+ Kf6 41.h4 Ra3+ 42.Kxe4 Rg3
43.Rg5 Ra3 44.h5 gxh5 45.Rxh5 Rg3 46.Rh2 Kg6 47.f5+ Kg5 48.Rh8 Kf6 49.Rh6+ Kg7
50.Rg6+ Rxg6 51.fxg6 Kxg6 52.Kf4  1-0

[Event "Chinese Teams 2013"]
[Site "Tianjin CHN"]
[Date "2013.12.24"]
[Round "22.3"]
[White "Zhao Xue"]
[Black "Qiu,Mengjie"]
[Result "1-0"]
[WhiteElo "2565"]
[BlackElo "2117"]

1.c4 Nf6 2.Nc3 d5 3.cxd5 Nxd5 4.d4 g6 5.e4 Nxc3 6.bxc3 Bg7 7.Be3 c5 8.Nf3 Qa5
9.Qd2 Nc6 10.Rc1 cxd4 11.cxd4 Qxd2+ 12.Kxd2 O-O 13.Bb5 Rd8 14.Bxc6 bxc6 15.Rc5 f5
16.Ne5 Bxe5 17.Rxe5 Kf7 18.Rc1 Rd6 19.Rec5 fxe4 20.Rxc6 Rxc6 21.Rxc6 Be6
22.Rc7 Bxa2 23.Bg5 a5 24.Rxe7+ Kg8 25.Kc3 Bf7 26.Kb2 Rb8+ 27.Ka1 a4 28.Ra7 Bb3
29.Kb2 Rf8 30.Be3 Rf7 31.Ra8+ Rf8 32.Ra6 Kg7 33.h4 h5 34.Ka3 Rb8 35.Ra7+ Kf6
36.Bg5+ Ke6 37.Ra5 Rf8 38.Ra6+ Kd5 39.Be3 Rg8 40.Rb6 Kc4 41.Rd6 Kd3 42.d5 Kc4
43.Rd7 Rc8 44.d6 Kd5 45.Rc7 Rd8 46.Bc5 Bd1 47.Bb4 Ke6 48.Re7+ Kd5 49.Rg7 Kc4
50.Rxg6 Bg4 51.Rf6 Bd1 52.Rf7 Kd5 53.Kb2 Kc4 54.Rb7 Bg4 55.Ka3 Rf8 56.Rc7+ Kb5
57.Rc5+ Kb6 58.Rd5 Kc6 59.Rd2 Kb5 60.Rd4 Kc6 61.Rc4+ Kb7 62.Rc2 Rf7 63.Ba5 Ka6
64.Bd8 Kb5 65.Be7 Rg7 66.Rc7  1-0

[Event "Al-Ain Classic Open A 2013"]
[Site "Al-Ain UAE"]
[Date "2013.12.27"]
[Round "8.23"]
[White "Lazarev,V"]
[Black "Andrenko,I"]
[Result "1/2-1/2"]
[WhiteElo "2427"]
[BlackElo "2211"]

1.d4 Nf6 2.c4 g6 3.Nc3 d5 4.cxd5 Nxd5 5.e4 Nxc3 6.bxc3 Bg7 7.Qa4+ Bd7 8.Qb3 b6
9.Nf3 O-O 10.Be3 Nc6 11.Rc1 e5 12.Be2 Qe7 13.Qb1 Bg4 14.d5 Na5 15.c4 c5 16.Bg5 Qd7
17.h3 Bxf3 18.Bxf3 Nb7 19.h4 Nd6 20.h5 h6 21.Bd2 g5 22.g4 Bf6 23.O-O Bd8
24.Be2 f6 25.f3 Bc7 26.Qb3 Kg7 27.Kg2 a6 28.Be3 Rfc8 29.Qa3 a5 30.Bd1 a4
31.Be2 Ra5 32.Rc2 Bd8 33.Rb1 Kg8 34.Rcb2 Ra6 35.Rc2 Ra5 36.Qc1 Ra6 37.Rc3 Rca8
38.Rc2  1/2-1/2

[Event "13th Mondragon Open"]
[Site "Mondragon ESP"]
[Date "2013.12.27"]
[Round "2.2"]
[White "Alcaide Luque,A"]
[Black "Iruzubieta Villaluenga,J"]
[Result "1/2-1/2"]
[WhiteElo "2173"]
[BlackElo "2412"]

1.d4 Nf6 2.c4 g6 3.Nc3 d5 4.cxd5 Nxd5 5.e4 Nxc3 6.bxc3 Bg7 7.Bc4 O-O 8.Ne2 Nc6
9.Bg5 Qd7 10.O-O b6 11.Bb5 a6 12.Ba4 b5 13.Bc2 Bb7 14.Qc1 e5 15.Rd1 exd4
16.cxd4 Rfe8 17.Bh6 Bxh6 18.Qxh6 Nb4 19.Bb3 Bxe4 20.Nf4 Qd6 21.Rac1 Bd5 22.Rc5 Bxb3
23.axb3 Qxd4 24.Rcc1 Qe5 25.h4 Rad8 26.Re1 Qf5 27.Rxe8+ Rxe8 28.Rxc7 Nd5
29.Nxd5 Qxd5 30.Rc3 Qd4 31.Rf3 Re1+ 32.Kh2 Re4 33.g3 Re2 34.Kg1 Qd1+ 35.Kg2 Qd2
36.Qxd2 Rxd2 37.Rf6 Ra2 38.h5 Kg7 39.Rb6 gxh5 40.Kf3 f6 41.Ke3 Kg6 42.f3 Kf5
43.Rc6 Rb2 44.Rxa6 Rxb3+ 45.Ke2 Ke5 46.Ra7 h4 47.gxh4 Kf4 48.Rxh7 f5 49.h5 Rb2+
50.Ke1 Kxf3 51.h6 Rh2 52.Rf7 f4 53.h7 b4 54.Rb7 Rh1+ 55.Kd2 Kg3 56.Ke2 Rh2+
57.Kf1 b3 58.Rg7+ Kf3 59.Kg1 Rh6 60.Rb7 Kg3 61.Rg7+ Kf3 62.Rb7 Ke2 63.Rxb3 Rxh7
64.Rb2+ Kf3 65.Rb3+ Kg4 66.Kf2 Rh1 67.Ra3 Rb1 68.Rc3  1/2-1/2

[Event "VII Stadium Casablanca Open 2013"]
[Site "Zaragoza ESP"]
[Date "2013.12.27"]
[Round "3.1"]
[White "Peralta,Fe"]
[Black "Lillo Castay,V"]
[Result "1-0"]
[WhiteElo "2600"]
[BlackElo "2324"]

1.d4 Nf6 2.c4 g6 3.Nc3 d5 4.cxd5 Nxd5 5.e4 Nxc3 6.bxc3 Bg7 7.Bb5+ c6 8.Ba4 b5
9.Bb3 a5 10.Ne2 O-O 11.O-O Nd7 12.Bg5 Nb6 13.a3 Qc7 14.Qd2 c5 15.Bh6 Bb7
16.Bxg7 Kxg7 17.Ng3 Rac8 18.d5 Rcd8 19.c4 bxc4 20.Qc3+ f6 21.Bxc4 Nxc4 22.Qxc4 e6
23.dxe6 Rd4 24.Qc3 Rd6 25.e7 Re8 26.e5 Re6 27.exf6+ Rxf6 28.Rae1 Rxe7 29.Rxe7+ Qxe7
30.Qxa5 Qd6 31.Qc3 Qd4 32.Qxd4 cxd4 33.Rd1 Rb6 34.f3 Rb3 35.Rxd4 Bc6 36.Rc4 Be8
37.Rc7+ Kh6 38.Ne4  1-0

[Event "10th Vandoeuvre Open"]
[Site "Vandoeuvre les Nancy FRA"]
[Date "2013.12.28"]
[Round "6.4"]
[White "Brunner,N"]
[Black "Dourerassou,J"]
[Result "0-1"]
[WhiteElo "2441"]
[BlackElo "2485"]

1.d4 Nf6 2.c4 g6 3.Nc3 d5 4.cxd5 Nxd5 5.e4 Nxc3 6.bxc3 Bg7 7.Be3 c5 8.Qd2 O-O
9.Nf3 Qa5 10.Rc1 Rd8 11.d5 e6 12.Bg5 Re8 13.d6 f6 14.Bh6 Qa4 15.e5 fxe5 16.Bxg7 Kxg7
17.Nxe5 Nd7 18.Nf3 e5 19.c4 Nf6 20.Be2 e4 21.Ng5 h6 22.h4 Qc6 23.Qf4 Rh8
24.Rh2 Bd7 25.Rd1 Rae8 26.g4 Qa4 27.Nf7 Qb4+ 28.Kf1 Kxf7 29.g5 Qc3 30.gxf6 Qxf6
31.Qe3 Re5 32.Qb3 Bc6 33.Qa3 a6 34.Qa5 Rd8 35.h5 g5 36.Bg4 e3 37.Qc7+ Rd7
38.Qc8 e2+ 39.Bxe2 Re8  0-1

[Event "PanAm Intercollegiate 2013"]
[Site "Lubbock USA"]
[Date "2013.12.29"]
[Round "5.3"]
[White "Gershenov,B"]
[Black "Bykhovsky,An ISR"]
[Result "0-1"]
[WhiteElo "2195"]
[BlackElo "2485"]

1.d4 Nf6 2.c4 g6 3.Nc3 d5 4.cxd5 Nxd5 5.e4 Nxc3 6.bxc3 Bg7 7.Qa4+ Nd7 8.Nf3 O-O
9.Bg5 c5 10.Rc1 a6 11.e5 b5 12.Qb3 c4 13.Qb4 f6 14.Be3 Nb6 15.a4 Bd7 16.h4 Nd5
17.Qb2 fxe5 18.dxe5 Nxe3 19.fxe3 Qc7 20.Rd1 Bxe5 21.h5 g5 22.Rd5 Bf6 23.Qc2 Bc6
24.Rf5 e6 25.Rc5 Qd6 26.Nxg5 Qg3+ 27.Qf2 Bxc3+  0-1

[Event "Rilton Cup 2013-14"]
[Site "Stockholm SWE"]
[Date "2013.12.30"]
[Round "4.16"]
[White "Lissang,C"]
[Black "Socko,M"]
[Result "0-1"]
[WhiteElo "2240"]
[BlackElo "2440"]

1.d4 Nf6 2.c4 g6 3.Nc3 d5 4.cxd5 Nxd5 5.e4 Nxc3 6.bxc3 Bg7 7.Be3 c5 8.Qd2 Qa5
9.Rc1 cxd4 10.cxd4 Qxd2+ 11.Kxd2 O-O 12.Bb5 Nc6 13.Bxc6 bxc6 14.Ne2 Rb8 15.Rc2 Rd8
16.Rd1 f5 17.f3 fxe4 18.fxe4 e5 19.Ke1 exd4 20.Bxd4 Bh6 21.Rb2 Rxb2 22.Bxb2 Re8
23.e5 Be6 24.Nd4 Bd5 25.Nf3 Rb8 26.Bd4 a5 27.Kf2 a4 28.a3 Bf8 29.Nd2 Bxa3
30.Nb1 Bb2 31.Nc3 Rb4 32.Ke3 a3 33.Nxd5 Bxd4+ 34.Rxd4 Rxd4 35.Nf6+ Kf7 36.Kxd4 a2  0-1

[Event "Cracovia Open A 2013-14"]
[Site "Krakow POL"]
[Date "2014.01.02"]
[Round "7.15"]
[White "Gbyl,A"]
[Black "Nasuta,G"]
[Result "1/2-1/2"]
[WhiteElo "2214"]
[BlackElo "2331"]

1.d4 Nf6 2.c4 g6 3.Nc3 d5 4.cxd5 Nxd5 5.e4 Nxc3 6.bxc3 Bg7 7.Nf3 c5 8.Be3 Qa5
9.Qd2 O-O 10.Rc1 Rd8 11.d5 e6 12.Bg5 f6 13.c4 Qxd2+ 14.Bxd2 exd5 15.exd5 Re8+
16.Be2 Nd7 17.Be3 f5 18.h4 h6 19.g3 b6 20.O-O Nf6 21.Bd3 Bd7 22.Bf4 Ne4 23.Rfe1 Nc3
24.a3 b5 25.Ne5 Bxe5 26.Bxe5 bxc4 27.Bxc4 Ne4 28.Bf4 g5 29.Be3 Rac8 30.f3 Nd6
31.Ba6 Rc7 32.hxg5 hxg5 33.Bxg5 Rxe1+ 34.Rxe1 Bb5 35.Re6 Bxa6 36.Rxd6 Bb5
37.Rd8+ Kf7 38.d6 Rd7 39.Rxd7+ Bxd7 40.Be3 c4 41.Bxa7 Ke6 42.Bd4 Kxd6 43.Kf2 Kc6  1/2-1/2

[Event "19th Bosnjaci Open 2014"]
[Site "Bosnjaci CRO"]
[Date "2014.01.03"]
[Round "1.1"]
[White "Kuljasevic,D"]
[Black "Tucakovic,Z"]
[Result "1-0"]
[WhiteElo "2580"]
[BlackElo "1993"]

1.d4 Nf6 2.c4 g6 3.Nc3 d5 4.cxd5 Nxd5 5.e4 Nxc3 6.bxc3 Bg7 7.Be3 O-O 8.Nf3 c5
9.Be2 Qa5 10.O-O b5 11.a4 b4 12.cxb4 cxb4 13.Rb1 Bd7 14.Qb3 Bxa4 15.Qa2 Nd7
16.Bd1 Nb6 17.Ra1 Rfb8 18.Bxa4 Qxa4 19.Qxa4 Nxa4 20.Rxa4 e6 21.Rb1 a5 22.Nd2 Rb5
23.Nb3 g5 24.Rba1 Bf6 25.Rxa5 Rbxa5 26.Rxa5 Rc8 27.Bxg5  1-0

[Event "19th Bosnjaci Open 2014"]
[Site "Bosnjaci CRO"]
[Date "2014.01.04"]
[Round "3.6"]
[White "Zaja,I"]
[Black "Videnova,I"]
[Result "1/2-1/2"]
[WhiteElo "2457"]
[BlackElo "2275"]

1.d4 Nf6 2.c4 g6 3.Nc3 d5 4.cxd5 Nxd5 5.e4 Nxc3 6.bxc3 Bg7 7.Nf3 c5 8.Rb1 O-O
9.Be2 b6 10.O-O Qc7 11.Bg5 Bb7 12.Qd3 Ba6 13.Qe3 Bxe2 14.Qxe2 e6 15.Qe3 Nd7
16.e5 Qc6 17.Rfd1 Qa4 18.Rd2 cxd4 19.Rxd4 Qxa2 20.Rbd1 Nc5 21.Bf6 Nb3 22.Rh4 Qc2
23.Re1 h5 24.g4 Rac8 25.Bxg7 Kxg7 26.Qg5 Rh8 27.gxh5 Qf5 28.h6+ Kf8 29.Rf4 Qxg5+
30.Nxg5 Rxh6 31.Rxf7+ Kg8 32.Rxa7 Rxc3 33.Nxe6 Rh5 34.Rg7+ Kh8 35.Rxg6 Nd2
36.Ra1 Nf3+ 37.Kf1 Rc8 38.Rg3 Rxh2 39.Ra6 Nxe5 40.Rxb6 Rg8 41.Rxg8+ Kxg8
42.Ng5 Ng4 43.Ne4 Nxf2 44.Nxf2 Rh4 45.Kg2 Kf7 46.Kg3 Ra4 47.Kf3 Ke7 48.Ne4 Ra1
49.Kf4 Rh1 50.Kf5 Rh5+ 51.Ng5 Kd7 52.Rg6 Rh1 53.Ke5 Rg1 54.Rd6+ Kc7 55.Ne6+ Kb7
56.Rd3 Kc6 57.Rc3+ Kb5 58.Kd5 Kb4 59.Rc2 Rh1 60.Rc4+ Ka3 61.Nc5 Rh5+ 62.Kd4 Rh3
63.Ra4+ Kb2 64.Nd3+ Kb3 65.Rb4+ Ka3 66.Rb7 Ka4 67.Nc5+ Ka5 68.Nb3+ Ka6 69.Rb8 Ka7
70.Rb5 Rh4+ 71.Kc3 Ka6  1/2-1/2

[Event "19th Bosnjaci Open 2014"]
[Site "Bosnjaci CRO"]
[Date "2014.01.04"]
[Round "3.15"]
[White "Kolic,Ivan"]
[Black "Zufic,M"]
[Result "0-1"]
[WhiteElo "1802"]
[BlackElo "2466"]

1.d4 Nf6 2.c4 g6 3.Nc3 d5 4.cxd5 Nxd5 5.e4 Nxc3 6.bxc3 Bg7 7.Bc4 c5 8.Ne2 O-O
9.O-O Nc6 10.Be3 Bg4 11.f3 Bd7 12.Qd2 Rc8 13.Rac1 Qa5 14.Rfd1 cxd4 15.cxd4 Qxd2
16.Rxd2 Na5 17.Bd3 Ba4 18.Rc3 a6 19.Kf2 e6 20.g4 Rfd8 21.e5 Bf8 22.Rb2 b5
23.f4 Bd1 24.Rxc8 Rxc8 25.Rd2 Ba4 26.f5 Bb4 27.Rb2 Ba3 28.Rb1 Bc2 29.Bxc2 Rxc2
30.fxe6 fxe6 31.Ra1 Nc6 32.Kf3 Nb4 33.Nf4 Kf7 34.h4 Nxa2 35.Ke4 b4 36.Nxe6 Kxe6
37.d5+ Ke7 38.Bg5+ Ke8 39.Rf1 Re2+ 40.Be3 Bc1  0-1

[Event "Rilton Cup 2013-14"]
[Site "Stockholm SWE"]
[Date "2014.01.04"]
[Round "8.24"]
[White "Johansson,G1"]
[Black "Olofsson-Dolk,Mattis"]
[Result "1/2-1/2"]
[WhiteElo "2244"]
[BlackElo "2070"]

1.d4 Nf6 2.c4 g6 3.Nc3 d5 4.cxd5 Nxd5 5.e4 Nxc3 6.bxc3 Bg7 7.Be3 c5 8.Rc1 Qa5
9.Qd2 O-O 10.d5 Rd8 11.c4 Qxd2+ 12.Kxd2 b6 13.Bd3 e6 14.Ne2 exd5 15.exd5 Nd7
16.f4 Nf6 17.Rhd1 Ne8 18.Ke1 Nd6 19.Kf2 Bg4 20.Re1 Bxe2 21.Rxe2 f5 22.Rce1 Re8
23.Bd2 Rxe2+ 24.Rxe2 Re8 25.Rxe8+  1/2-1/2